| 000 | 00738cam a2200229 a 4500 | ||
|---|---|---|---|
| 001 | 14027473 | ||
| 005 | 20251121140959.0 | ||
| 008 | 050707s2004 gh b 000 0 eng | ||
| 020 | _a9964950225 | ||
| 020 | _a9789964950224 | ||
| 050 | 0 | 0 |
_aJA85.2.G4 _bY35 2004 |
| 100 | 1 | _aYankah, Kwesi. | |
| 245 | 1 | 0 |
_aLanguage, the mass media, and democracy in Ghana / _cKwesi Yankah. |
| 260 |
_aAccra, Ghana : _bGhana Academy of Arts and Sciences, _c[2004] |
||
| 300 |
_aiv, 26 p. ; _c21 cm. |
||
| 440 | 0 |
_aAnnual lecture in the humanities ; _v2004 |
|
| 650 | 0 |
_aCommunication in politics _zGhana. |
|
| 650 | 0 |
_aMass media _xPolitical aspects _zGhana. |
|
| 650 | 0 |
_aRadio in politics _zGhana. |
|
| 650 | 0 |
_aDemocracy _zGhana. |
|
| 942 |
_2lcc _cBK _n0 |
||
| 999 |
_c8306 _d8306 |
||